000 00277nam a2200133Ia 4500
100 _aShreve/R Norris
942 _cBK
654 _aIndustries
245 _aChemical Process Industries
260 _bMcGraw Hill
_c1956
082 _a661
300 _a1004
546 _aENGLISH
999 _c23147
_d23147